[Event "FIDE World Senior Team Championship 2020"]
[Site "Olympik hotel, Sokolovska 138,"]
[Date "2020.03.11"]
[Round "6.26"]
[White "Aird, Ian"]
[Black "Berber, Theodor"]
[Result "1-0"]
[WhiteElo "1848"]
[BlackElo "1586"]
[PlyCount "77"]
[EventDate "2020.03.06"]
[WhiteTeam "SCO2"]
[BlackTeam "GER12"]

1. c4 c5 2. Nc3 Nf6 3. g3 Nc6 4. Bg2 g6 5. e4 d6 6. Nge2 Bg7 7. O-O O-O 8. d3
Rb8 9. h3 Qd7 10. Be3 b6 11. Qd2 Rd8 12. f4 e6 13. Rf2 Rf8 14. Raf1 Ne8 15. f5
exf5 16. exf5 gxf5 17. Bh6 Nd4 18. Bxg7 Nxg7 19. Nd5 f6 20. Nxd4 cxd4 21. Re2
Ne6 22. Rxf5 Qg7 23. Rf1 Bd7 24. Kh2 Rbe8 25. Ref2 Kh8 26. Nxf6 Rd8 27. Be4 Nc5
28. Bd5 Be6 29. Bxe6 Nxe6 30. Qe2 Nc5 31. b4 Nd7 32. Nxd7 Rxf2+ 33. Rxf2 Qxd7
34. Qe4 Qg7 35. Rf5 Rg8 36. Qf4 Re8 37. h4 h6 38. Kh3 Kh7 39. Rf7 1-0

[Event "FIDE World Senior Team Championship 2020"]
[Site "Olympik hotel, Sokolovska 138,"]
[Date "2020.03.11"]
[Round "6.26"]
[White "Dusper, Zdravko"]
[Black "Grant, Glynis"]
[Result "1/2-1/2"]
[WhiteElo "1490"]
[BlackElo "1249"]
[PlyCount "84"]
[EventDate "2020.03.06"]
[WhiteTeam "GER12"]
[BlackTeam "SCO2"]

1. e4 c5 2. Nf3 d6 3. Bc4 Nf6 4. d3 g6 5. c3 Bg7 6. Nbd2 O-O 7. O-O Nc6 8. a3
h6 9. Re1 Bd7 10. Nf1 Rc8 11. Ne3 Na5 12. Ba2 Qc7 13. Qe2 Be6 14. Nd5 Bxd5 15.
exd5 Rfe8 16. Bf4 b6 17. Rad1 Qd7 18. Bg3 Qf5 19. Nh4 Qd7 20. Qf3 Nb7 21. h3
Nh7 22. Qe2 Nf6 23. f4 Nd8 24. Qf3 Nh5 25. Bh2 Bf6 26. Qf2 Kh7 27. Re2 Ng7 28.
Rde1 Bxh4 29. Qxh4 f6 30. g4 Nf7 31. Qg3 f5 32. c4 e6 33. b3 Re7 34. Qh4 g5 35.
fxg5 Nxg5 36. Kg2 Rce8 37. Bf4 Nf7 38. Bb1 e5 39. Bc1 Rg8 40. Kh2 Ne8 41. Qf2
Nf6 42. Rg1 Qe8 {unreadable (65)} 1/2-1/2